000 00634nam a2200193Ia 4500
999 _c37727
_d37727
001 3702
003 GE_BSU
005 20221031110633.0
008 181216s2008az xx |||||||||||||| ||aze||
040 _cGE_BSU
041 _aaze
080 _a94(479.24)+32(479.24)+33(479.24) N-31
245 _aNaxgivan mu tar. Respublikasinin Tarixi :
_bSiyasi, iqtisadi, Haldasi kitabi.
264 _aNaxgivan,
_c1998.
300 _a63 с. :
_b24 см.
653 _aNaxcivan mu tar respublikasinin Tarixi.
653 _aნაქსჯივან მუტარის რესპუბლიკის ისტორია.
942 _cBK
_2udc